000 00441nam a2200157Ia 4500
003 OSt
005 20230524102218.0
008 211028s2018 xx 000 0 und d
040 _cAIMIT LIBRARY
041 _aeng
100 _aSupaksha, M A; Hemalatha, N.
_g161854
_99182
110 _aHemalatha N
_99183
245 _aDevelopment of machine learning tools for oil and date palm proteins.
260 _aMangalore
_c2018
942 _2ddc
_cPRO
999 _c220254
_d220254